00400 2200157 4500001002100000008004100021035002000062245003400082100001600116260003200132300002200164020002200186084001400208082000800222990001200230INLIS000000000002881 IND  a0010-0925000228 aTitipan TerindahcAster Putih aAster Putih aJakartabRumah Oranyec2013 a208c(13 x 19 cm) a978-602-1588-13-0 a813 AST t a813 a0755103